Geografičeskij sbornik. Voprosy metodiki landšaftnych issledovanij
| Format: | Serial |
|---|---|
| Language: | English |
| Published: |
[S.l.]
Izdateľstvo ľvovskogo universiteta
|
MARC
| LEADER | 00000nas a2200000 a 4500 | ||
|---|---|---|---|
| 001 | vtls010465221 | ||
| 003 | SK-MaSNL | ||
| 005 | 20260221115343.0 | ||
| 008 | 121030c mr1 0 0eng d | ||
| 040 | |a SNK |b slo |c SNK | ||
| 245 | 0 | 0 | |a Geografičeskij sbornik. Voprosy metodiki landšaftnych issledovanij |
| 260 | |a [S.l.] |b Izdateľstvo ľvovskogo universiteta | ||
| 500 | |a Popis podľa: Roč. 6, 1961 | ||
| 910 | |a snk | ||
| 999 | |c 4595 |d 6525 | ||
| 952 | |0 0 |1 1 |4 0 |7 0 |8 2 |a SNK |b SNK |d 2012-10-30 |i snkV 1513/63 |l 0 |o snkČC 1976/6/1961 |p 17A1051621 |r 2026-02-21 20:50:37 |w 2026-02-21 |y PREZ | ||


